000 00972nam a2200241Ia 4500
999 _c51349
_d51349
001 18329
003 GE_BSU
005 20221129162158.0
008 181216s2015||||ge |||||||||||||| ||geo||
020 _a9789941934902x
040 _cGE_BSU
041 _ageo
080 _a159.97+616 რ-60
100 _aრიმანი, ფრიც
_916210
245 _aშიშის ძირითადი ფორმები /
_cფრიც რიმანი; მთ. რედ. მ. რაზმაძე. გერმ. თარ.ნ. გოგოლაშვილმა.
264 _aთბილისი :
_bწიგნიერი,
_c2015.
300 _a332 გვ.;
_b20 სმ.
653 _aმედიცინა
653 _aფსიქოლოგია
700 _aრაზმაძე, მ.
_eრედაქტორი
_916211
700 _aგოგოლაშვილი, ნ.
_eმთარგმნელი
_916212
942 _cBK
_2udc